Madagascar - Statistiques

Statistiques générales
  • Ce quiz a été pris 321 fois
  • Le résultat moyen est 20 sur 37
Statistiques - réponses
Question Réponse % Correct
dans quel océan est-elle située Indien
91%
à quel continent cette iîle est-elle rattachée) Afrique
88%
sa capitale économique et politique Antananarivo
87%
sa monnaie ariary
86%
aliment de base des habitants riz
83%
espèce rare de primates que l'on trouve dans l'île lémurien
80%
séparé de quel pays africain (400 km à l'ouest) par le canal du même nom Mozambique
77%
arbre qui fait la fierté de l'île baobab
76%
en 1897 quel pays a annexé Madagascar France
75%
comment s'appelent les habitants de l'île malgaches
75%
épice dont elle fournit 80 à 85% de la production mondiale vanille
74%
quelle île est située un peu plus à l'est à 1100 km Maurice
69%
quel animal emblématique (bovin) est présent partout dans l'île zebu
68%
quel archipel est situé à 300 km au nord-ouest Comores
67%
les trois couleurs du drapeau national blanc - rouge - vert
66%
ses deux langues officielles malgache - français
62%
île côtière située dans ce canal et appelée aussi Ambariobe, connue pour son "tourisme sexuel" Nosy Be
61%
combien y a-t-il d'heures de vol entre Paris et sa capitale 11
60%
quelle île est située à 800 km à l'est Réunion
59%
quelle île est située à 1 000 km au nord Seychelles
58%
autre ville importante Tamatave
58%
date de son indépendance 1960
57%
commerce illégal très lucratif de ce bois de ... rose
54%
régime politique République
52%
surnom de l'île, autre que "La Grande Ile" ou "l'île aux parfums" l'île rouge
47%
plante appelée ravenala ou ravinala connue sous le nom de l'arbre du ... voyageur
39%
rituel d'exhumation des morts Famadihana
37%
Antsirabe est considérée comme la capitale malgache de ce moyen de transport pousse pousse
37%
ancien nom de la capitale Tananarive
37%
sport national dans l'île petanque
36%
instrument traditionnel de la musique malgache vali
35%
ancien surnom de Madagascar ( était alors boisée à 90%) L'île verte
20%
rang occupé parmi les pays les plus pauvres du monde (en lettre) cinquieme
17%
animal carnivore proche de la mangouste fossa
16%
provoque l'érosion à grande échelle déforestation
12%
groupe mythique (4 frères et 2 soeurs) des années 60 , les ... Surfs
11%
adjectif désignant une tortue spécifique à l'île étoilée
5%
Aucun quiz correspondant
Distribution des résultats
% des personnes avec chaque résultat
Percentile par nombre de réponses
Votre historique - résultats
Vous n’avez pas pris ce quiz